ACM Transactions on Modelling and Computer Simulation

Enregistré dans:
Détails bibliographiques
Format: Publication en série
Publié: 1992
Tags: Ajouter un tag
Pas de tags, Soyez le premier à ajouter un tag!

MARC

LEADER 00000nas a22000003a 4500
001 stu64079
005 20141121230626.5
008 011106s1992----------------------------d
040 |a STU  |b slo 
041 0
245 |a ACM Transactions on Modelling and Computer Simulation 
260 |c 1992 
500 |a 1-4 
500 |a 4 
773 0 |t ACM Transactions on Modelling and Computer Simulation  |w stu_us_cat*stu59355  |x 1049-3301  |7 nnas 
996 |d Vol. 2, 1992  |v Vol. 2  |y 1992  |l EE0103  |s A  |a 24  |w stu64079_0001